| 000 | 00768nam a22002417a 4500 | ||
|---|---|---|---|
| 005 | 20170124105936.0 | ||
| 010 | _aA-558410 | ||
| 020 |
_c00.00 _a8185425760 |
||
| 035 | _aA-558410 | ||
| 037 | _bCen Lib/Ret | ||
| 040 |
_aDPL _bEN |
||
| 082 |
_a330.954 _bROT |
||
| 100 |
_aRothermund, Dietmar _99918 |
||
| 245 |
_aIndia in the great dipression : _cby Dietmar Rothermund _b1929-1939 / |
||
| 246 | _b | ||
| 260 |
_bManohar Publications _aNew Delhi _c1992 |
||
| 270 |
_bNew Delhi _a2/6, ansari road _e110002 |
||
| 300 |
_axii, 292p. _c21cm(Hb) |
||
| 500 | _aIncludes bibliographical references and index | ||
| 650 |
_aMacro economics complacy _z _99919 |
||
| 650 |
_aGreat dipression _y1929-1939 _99920 |
||
| 942 |
_2ddc _cEN _h330.954 _mROT |
||
| 999 |
_c124239 _d124239 |
||